[Event "Titled Tue 20th May Early"]
[Site "chess.com INT"]
[Date "2025.05.20"]
[Round "10"]
[White "Dyulgerov, Volen"]
[Black "Mohota, Nisha"]
[Result "1/2-1/2"]
[WhiteTitle "CM"]
[BlackTitle "IM"]
[WhiteElo "2200"]
[BlackElo "2161"]
[WhiteFideId "2918978"]
[BlackFideId "5004330"]
[EventDate "2025.05.20"]

1. e4 c6 2. d4 d5 3. Nd2 g6 4. h4 dxe4 5. Nxe4 Nf6 6. Ng5 Bg4 7. f3 Bf5 8. g4
Bc8 9. Bc4 Nd5 10. h5 Bg7 11. Bd3 Qc7 12. Ne2 Nd7 13. c4 Nb4 14. Be4 e5 15. a3
Na6 16. hxg6 hxg6 17. Rxh8+ Bxh8 18. Ne6 fxe6 19. Bxg6+ Ke7 20. Bg5+ Bf6 21. Qd2
exd4 22. O-O-O Qe5 23. Bf4 Qc5 24. b4 Qxc4+ 25. Kb1 Qb3+ 26. Kc1 Qxa3+ 27. Kb1
Qxb4+ 28. Qxb4+ Nxb4 29. Nxd4 Nd5 30. Nxe6 Nc3+ 31. Kc2 Nxd1 32. Nc7 Rb8 33. Ne8
Be5 34. Bg5+ Nf6 35. f4 Ne3+ 36. Kd3 Bxg4 37. fxe5 Bf5+ 38. Bxf5 Nxf5 39. Nxf6
Rh8 40. Ke4 Ke6 41. Ng4 Rh1 42. Bf6 Re1+ 43. Kf4 a5 44. Nf2 a4 45. Nh3 Rf1+ 46.
Ke4 a3 47. Ng5+ Kd7 48. e6+ Ke8 49. Bc3 a2 50. Nf7 a1=Q 51. Bxa1 Rxa1 52. Kxf5
Rf1+ 53. Kg6 Rg1+ 54. Kh7 Rf1 55. Nd6+ Ke7 56. Nxb7 Kxe6 57. Kg6 Rg1+ 58. Kh5
Kf5 59. Nd6+ Ke5 60. Nc4+ 1/2-1/2

[Event "Titled Tue 20th May Early"]
[Site "chess.com INT"]
[Date "2025.05.20"]
[Round "10"]
[White "Jahnz, Laurin"]
[Black "Malyshev, Vasilij"]
[Result "1/2-1/2"]
[WhiteTitle "CM"]
[BlackTitle "IM"]
[WhiteElo "2233"]
[BlackElo "2353"]
[WhiteFideId "16261089"]
[BlackFideId "4105346"]
[EventDate "2025.05.20"]

1. e4 e5 2. d4 Nf6 3. dxe5 Nxe4 4. Qe2 Nc5 5. Be3 Be7 6. Nc3 O-O 7. O-O-O b6 8.
Nd5 Ba6 9. Qf3 Bxf1 10. Nxe7+ Qxe7 11. Qxa8 Nc6 12. Qxf8+ Kxf8 13. Rxf1 Qe6 14.
b3 Qxe5 15. Kb1 Ne4 16. Nf3 Nc3+ 17. Kb2 Na4+ 18. Ka3 Qc3 19. Bd2 Qb2+ 20. Kxa4
a6 21. Bb4+ Kg8 22. c4 Qxa2+ 23. Ba3 b5+ 24. cxb5 axb5+ 25. Kxb5 Qxa3 26. Kc4
Qb4+ 27. Kd3 Qxb3+ 28. Kd2 Qb2+ 29. Ke3 Qc3+ 30. Ke2 Qc2+ 31. Ke3 h6 32. Rc1
Qb3+ 33. Ke2 Qb2+ 34. Ke3 Ne7 35. Rhd1 c6 36. Nd4 Nd5+ 37. Kf3 Qa3+ 38. Kg4 g6
39. f3 Ne3+ 40. Kg3 Nxd1 41. Rxd1 Kg7 42. Kf2 Qb2+ 43. Kf1 Qc3 44. Ne2 Qb4 45.
Rxd7 c5 46. Rc7 c4 47. h3 h5 48. g4 h4 49. Kg2 Qd2 50. Kf2 Qd1 51. Rxc4 Qh1 52.
Ng1 Qh2+ 53. Kf1 Kf6 54. Re4 g5 55. Re2 Qf4 56. Kf2 Qd4+ 57. Kg2 Kg6 58. Re4
Qd2+ 59. Re2 Qd4 60. Re4 Qd2+ 61. Re2 Qd6 62. Re4 Qg3+ 63. Kf1 f6 64. Re2 Qd6
65. Re4 Qd3+ 66. Kg2 Qd5 67. Re2 Qd6 68. Re4 Qg3+ 69. Kf1 Qd6 70. Kg2 Qg3+ 71.
Kf1 Qd6 72. Kg2 1/2-1/2

[Event "Titled Tue 20th May Early"]
[Site "chess.com INT"]
[Date "2025.05.20"]
[Round "10"]
[White "Maiorov, Nikita1"]
[Black "Ocampos, Ian"]
[Result "0-1"]
[WhiteTitle "GM"]
[WhiteElo "2472"]
[BlackElo "2219"]
[WhiteFideId "13501720"]
[BlackFideId "117544"]
[EventDate "2025.05.20"]

1. e4 c5 2. Nf3 a6 3. c4 Nc6 4. Nc3 e5 5. d3 g6 6. Be2 Bg7 7. O-O Nge7 8. Be3 d6
9. h3 h6 10. Nd2 f5 11. exf5 Nxf5 12. Nde4 Be6 13. Bg4 O-O 14. Bxf5 gxf5 15. Nd2
f4 16. Nce4 fxe3 17. fxe3 Qd7 18. Nf3 b6 19. Nh4 d5 20. cxd5 Bxd5 21. Rxf8+ Rxf8
22. Ng6 Rf7 23. Nc3 Ne7 24. Nxe7+ Rxe7 25. Qe2 Bc6 26. Rf1 Bf8 27. e4 Rg7 28.
Kh2 b5 29. Nd1 Qd4 30. Ne3 Bd7 31. Nd5 Be6 32. Nf6+ Kh8 33. Qh5 Qe3 34. Ng4 Bxg4
35. Rxf8+ Kh7 36. Qe8 Qg3+ 37. Kxg3 Bd7+ 38. Kf3 Bxe8 39. Rxe8 Rg5 40. h4 Rg6
41. Rxe5 Rd6 42. Rxc5 Rxd3+ 43. Kf4 Rd2 44. Rc6 Rxg2 45. Rxa6 Rxb2 46. Rb6 Rxa2
47. Rxb5 Rf2+ 48. Ke5 Kg6 49. Kd6 Kf6 50. e5+ Kf7 51. e6+ Kf6 52. Rb6 Rd2+ 53.
Kc7 Ke7 54. Kc8 Rc2+ 55. Kb8 Rc4 56. h5 Rc5 57. Kb7 Rxh5 58. Kc7 Rc5+ 59. Kb7 h5
60. Ka6 h4 61. Rb4 Rh5 62. Rb1 h3 63. Rh1 Kxe6 64. Kb6 Ke5 65. Kc6 Kf4 66. Kd6
Kg3 67. Ra1 Rf5 68. Ra3+ Rf3 69. Ra1 h2 70. Ke5 Kg2 0-1

[Event "Titled Tue 20th May Early"]
[Site "chess.com INT"]
[Date "2025.05.20"]
[Round "10"]
[White "Shimanov, Aleksandr"]
[Black "Papasimakopoulos, Alexandros"]
[Result "0-1"]
[WhiteTitle "GM"]
[BlackTitle "IM"]
[WhiteElo "2578"]
[BlackElo "2366"]
[WhiteFideId "4198603"]
[BlackFideId "4244125"]
[EventDate "2025.05.20"]

1. e4 e6 2. d3 d5 3. Qe2 Be7 4. g3 Nf6 5. e5 Nfd7 6. a4 c5 7. f4 Nc6 8. Nf3 a6
9. Bh3 g6 10. O-O Rb8 11. Nc3 h5 12. Bd2 b5 13. axb5 axb5 14. Nd1 Qb6 15. Nf2 b4
16. c4 bxc3 17. bxc3 Ba6 18. Ra2 Bb7 19. Be3 d4 20. cxd4 cxd4 21. Bd2 Nc5 22.
Bg2 O-O 23. g4 hxg4 24. Nxg4 Kg7 25. Ng5 Ba6 26. Be4 Rh8 27. Qf3 Nxe4 28. Nxe4
Nb4 29. Bxb4 Bxb4 30. Ngf6 Qc6 31. Rg2 Bc8 32. Qg3 Ba6 33. Ng5 Rh6 34. h4 Be7
35. Nfe4 Rb3 36. Rf3 Rb1+ 37. Kh2 Qc1 38. Nf2 Bb7 39. Qg4 Bxf3 40. Nxf3 Qe3 41.
Kg3 Rf1 42. Ne4 Qxd3 43. Nf2 Qe3 44. Nh3 Rxf3+ 45. Qxf3 Bxh4+ 46. Kg4 Qxf3+ 47.
Kxf3 Bd8 48. Nf2 Ba5 49. Rg1 Bd2 50. Rb1 Rh4 51. Nd3 Be3 52. Rb7 Bg1 53. Kg3 Rh2
54. Kf3 Rh3+ 55. Ke4 Be3 56. Nc5 Kg8 57. Nd7 Rh4 58. Nf6+ Kg7 59. Rb8 Rxf4+ 60.
Kd3 Rxf6 61. exf6+ Kxf6 62. Rb5 g5 63. Ke4 Kg6 64. Ke5 g4 65. Ke4 f5+ 66. Ke5
Kg5 67. Kxe6 g3 68. Rxf5+ Kg4 69. Rf7 g2 70. Kd5 g1=Q 71. Rg7+ Kf3 72. Rxg1 Bxg1 0-1

[Event "Titled Tue 20th May Early"]
[Site "chess.com INT"]
[Date "2025.05.20"]
[Round "10"]
[White "Skliarov, Viktor"]
[Black "Fiskaaen, Martin Holten"]
[Result "1-0"]
[WhiteTitle "IM"]
[BlackTitle "FM"]
[WhiteElo "2334"]
[BlackElo "2292"]
[WhiteFideId "14106736"]
[BlackFideId "1550233"]
[EventDate "2025.05.20"]

1. e4 c5 2. Nf3 d6 3. d4 cxd4 4. Qxd4 Nf6 5. Nc3 Nc6 6. Bb5 Bd7 7. Bxc6 Bxc6 8.
Bg5 e6 9. O-O-O Be7 10. Rhe1 O-O 11. Kb1 Qc7 12. Qd2 Rfd8 13. Nd4 Rab8 14. f3 b5
15. g4 b4 16. Nce2 Ba8 17. h4 a5 18. c4 bxc3 19. Nxc3 Qb7 20. Ncb5 Qa6 21. a4
Rdc8 22. Rc1 Bb7 23. Rxc8+ Bxc8 24. Rc1 Bd7 25. Rc7 Rd8 26. Ra7 Qb6 27. Qxa5
Qxa5 28. Rxa5 h6 29. Be3 d5 30. e5 Ne8 31. h5 Bc5 32. Nc2 Bxe3 33. Nxe3 Bxb5 34.
Rxb5 d4 35. Nc4 Nc7 36. Rb7 Nd5 37. a5 Nf4 38. a6 d3 39. Kc1 Ne2+ 40. Kd1 Nd4
41. a7 Nc6 42. Rc7 Nxa7 43. Rxa7 Rd4 44. Rc7 Rf4 45. Nd2 Rb4 46. b3 Rb5 47. f4
g6 48. Rc4 gxh5 49. gxh5 Kg7 50. Rd4 f6 51. exf6+ Kxf6 52. Rxd3 Kf5 53. Rd4 Rb8
54. b4 Rg8 55. b5 Rg1+ 56. Kc2 Rg8 57. b6 Rb8 58. Rb4 e5 59. fxe5 Kxe5 60. Kc3
Kd6 61. Nc4+ Kc6 62. Rb1 Kd5 63. Rd1+ Kc5 64. Rf1 Kd5 65. Rf5+ Ke6 66. Re5+ Kf6
67. Rb5 Ke6 68. b7 Kd7 69. Na5 Kc7 70. Rc5+ Kb6 71. Rc8 Rxb7 72. Nxb7 Kxb7 73.
Rh8 1-0

[Event "Titled Tue 20th May Early"]
[Site "chess.com INT"]
[Date "2025.05.20"]
[Round "10"]
[White "Chiappero, Julio Alfredo"]
[Black "Sava, Robert-Gabriel"]
[Result "1/2-1/2"]
[WhiteTitle "FM"]
[BlackTitle "CM"]
[WhiteElo "2238"]
[BlackElo "2155"]
[WhiteFideId "139998"]
[BlackFideId "1265725"]
[EventDate "2025.05.20"]

1. d4 e6 2. c4 f5 3. Nc3 Nf6 4. Nf3 Bb4 5. g3 O-O 6. Bg2 a5 7. O-O d6 8. Qc2
Bxc3 9. Qxc3 a4 10. Rd1 Qe8 11. Qc2 Nbd7 12. c5 dxc5 13. dxc5 Nd5 14. Nd4 c6 15.
e4 fxe4 16. Bxe4 N7f6 17. Bg2 e5 18. Nf5 Bxf5 19. Qxf5 e4 20. Re1 Nb4 21. Re2
Rd8 22. Bg5 Rd5 23. Qf4 Nd3 24. Qe3 Ng4 25. Qxe4 Qxe4 26. Bxe4 Rxg5 27. Bxd3
Rxc5 28. Rae1 b5 29. h3 Nf6 30. Re7 Rd8 31. Bb1 Rcd5 32. a3 Rd1 33. Ba2+ Kh8 34.
Kg2 Rxe1 35. Rxe1 h5 36. Rc1 Rd2 37. Bf7 Rxb2 38. Bg6 Kg8 39. Rxc6 Kf8 40. g4
hxg4 41. hxg4 Nxg4 42. Rc7 Rxf2+ 43. Kg3 Rf6 44. Bd3 Ne5 45. Bxb5 Rf3+ 46. Kg2
Rxa3 47. Rc5 Ng6 48. Bc4 Ke7 49. Rc7+ Kf6 50. Rf7+ Kg5 51. Rxg7 Kh6 52. Rc7 Ne5
53. Kf2 Rc3 54. Rc5 Nxc4 55. Ke2 a3 56. Rc6+ Kg5 57. Ra6 Rc2+ 58. Kd3 Rc1 59.
Ra4 Nb2+ 60. Kd2 Ra1 61. Ra5+ Kf4 62. Kc2 Nc4 63. Ra4 Ra2+ 64. Kb3 Rb2+ 65. Kxc4
Re2 66. Kc3+ Re4 67. Rxe4+ Kxe4 68. Kb3 a2 69. Kxa2 1/2-1/2

[Event "Titled Tue 20th May Early"]
[Site "chess.com INT"]
[Date "2025.05.20"]
[Round "10"]
[White "Bahmani, Koorosh"]
[Black "Behzad Nazif, Parva"]
[Result "1-0"]
[WhiteTitle "CM"]
[BlackTitle "WIM"]
[WhiteElo "2208"]
[BlackElo "2090"]
[WhiteFideId "42576750"]
[BlackFideId "12563790"]
[EventDate "2025.05.20"]

1. Nf3 Nf6 2. g3 g6 3. Bg2 Bg7 4. O-O O-O 5. d4 d6 6. b3 c5 7. c4 d5 8. cxd5
Nxd5 9. Bb2 Nc6 10. e3 cxd4 11. Nxd4 Nxd4 12. Bxd4 e5 13. Bb2 Be6 14. Nd2 Nb4
15. Nc4 Nd3 16. Ba3 Re8 17. e4 Bxc4 18. bxc4 Qd4 19. Qb3 Nc5 20. Bxc5 Qxc5 21.
Qxb7 Qxc4 22. Rfc1 Qd4 23. Rd1 Qc4 24. Rd7 Reb8 25. Qd5 Qxd5 26. exd5 Rd8 27.
Rb7 e4 28. Rd1 f5 29. Bf1 Rd6 30. Bc4 Rc8 31. Bb3 a6 32. Rd2 Bh6 33. Rc2 Rxc2
34. Bxc2 e3 35. fxe3 Bxe3+ 36. Kg2 Rb6 37. Rc7 Bd4 38. Bb3 Rd6 39. Rc6 Rd7 40.
Rxa6 Kf8 41. Ra8+ Ke7 42. a4 Rb7 43. Bc4 g5 44. Bb5 Kd6 45. Rd8+ Kc5 46. d6 Bf6
47. Rf8 Be5 48. Rxf5 Kxd6 49. Rxg5 Rc7 50. Rh5 Rc2+ 51. Kf3 h6 52. Rxh6+ Kd5 53.
Bd3 Rc3 54. Ke2 Ra3 55. Ra6 Ra2+ 56. Ke3 Bd4+ 57. Kf3 Rf2+ 58. Kg4 Rxh2 59. a5
Ra2 60. Bf5 Bc3 61. Be6+ Kc5 62. Bxa2 Kb5 63. Ra8 Bxa5 64. Rxa5+ Kxa5 65. Kf5
Kb6 66. g4 Kc7 67. g5 Kd8 68. g6 Ke8 69. g7 Ke7 70. g8=Q 1-0

[Event "Titled Tue 20th May Early"]
[Site "chess.com INT"]
[Date "2025.05.20"]
[Round "10"]
[White "Ugarte Soto, Cesar"]
[Black "Suvradeepta, Das"]
[Result "0-1"]
[WhiteTitle "CM"]
[BlackTitle "FM"]
[WhiteElo "2088"]
[BlackElo "2254"]
[WhiteFideId "3601331"]
[BlackFideId "5058031"]
[EventDate "2025.05.20"]

1. d4 Nf6 2. Bf4 e6 3. e3 c5 4. Nf3 b6 5. c3 Be7 6. Nbd2 O-O 7. h3 Ba6 8. Bxa6
Nxa6 9. O-O d5 10. Qe2 Nb8 11. dxc5 bxc5 12. Rfd1 Qb6 13. b3 Nc6 14. e4 Rfd8 15.
Bg5 d4 16. Nc4 Qa6 17. cxd4 Nxd4 18. Nxd4 cxd4 19. Bxf6 Bxf6 20. e5 Be7 21. Qe4
Rd5 22. Rxd4 Rad8 23. Rad1 Qxa2 24. Rxd5 exd5 25. Rxd5 Re8 26. Qd3 Qa6 27. Nd6
Qxd3 28. Rxd3 Rb8 29. Nf5 Bf8 30. f4 g6 31. Nd6 h5 32. g4 hxg4 33. hxg4 Rb4 34.
Kg2 Rxf4 35. Kg3 Rb4 36. Kf3 Bg7 37. Nc4 Rb5 38. Ke4 Bf8 39. Kd4 Kg7 40. Kc3
Bb4+ 41. Kc2 Rb7 42. Nd6 Re7 43. Rd5 Kh6 44. Kd3 Kg5 45. Kc4 a5 46. Rd4 Kh6 47.
Nb5 Rxe5 48. Nc7 Re1 49. Nd5 Rc1+ 50. Kb5 Rb1 51. Nxb4 Rxb3 52. Kxa5 Kg5 53. Kb5
Rb1 54. Kc4 Rg1 55. Nd5 Rxg4 56. Rxg4+ Kxg4 57. Kd4 f5 58. Ke3 g5 59. Nf6+ Kg3
60. Nd5 f4+ 61. Ke2 Kg2 62. Nf6 f3+ 63. Ke3 f2 0-1

[Event "Titled Tue 20th May Early"]
[Site "chess.com INT"]
[Date "2025.05.20"]
[Round "10"]
[White "Mohammadi, Melika"]
[Black "Timofeev, Artyom"]
[Result "1/2-1/2"]
[WhiteTitle "WFM"]
[BlackTitle "GM"]
[WhiteElo "2205"]
[BlackElo "2548"]
[WhiteFideId "42529271"]
[BlackFideId "4140419"]
[EventDate "2025.05.20"]

1. e4 e6 2. Nc3 d5 3. Nf3 Nf6 4. exd5 exd5 5. d4 Be7 6. Bd3 O-O 7. O-O Bg4 8. h3
Bh5 9. Bf4 Nc6 10. Be2 Ne4 11. Ne5 Bxe2 12. Nxe2 Nxe5 13. Bxe5 Qd7 14. Qd3 f6
15. Bh2 Rae8 16. Rae1 Bd6 17. Bxd6 Qxd6 18. c4 Qa6 19. b3 Qxa2 20. Nf4 Qd2 21.
Qf3 Qxd4 22. cxd5 Nd2 23. Qg3 Nxf1 24. Rxf1 Qe5 25. Qg4 Qg5 26. Qf3 Qf5 27. Qg3
Rf7 28. Rc1 Qe5 29. Qf3 Qe4 30. Qg3 Re5 31. Ne6 Qxd5 32. Nxc7 Qd2 33. Rc4 Re1+
34. Kh2 Qd1 35. Qf4 Rh1+ 36. Kg3 Qd3+ 37. f3 Rd1 38. Re4 Qd6 39. Re8+ Rf8 40.
Qxd6 Rxd6 41. Re7 h5 42. Ne6 Rf7 43. Re8+ Kh7 44. Nf8+ Kh6 45. Ne6 Rxe6 46. Rxe6
Rc7 47. Re8 Rc3 48. b4 Rb3 49. Re4 Kg6 50. Rc4 b5 51. Rc7 Rxb4 52. Rxa7 Rb1 53.
Rb7 b4 54. Kf2 b3 55. g3 h4 56. gxh4 Kh5 57. Kg2 Kxh4 58. Rxg7 Rc1 59. f4 Kh5
60. Rb7 Rc2+ 61. Kg3 b2 62. Rb5+ Kg6 63. h4 Kf7 64. h5 Kg7 65. Kg4 Kh6 66. Rb6
Kg7 67. Rb7+ Kh6 68. Rb6 Kg7 69. Rb7+ Kh6 70. Rb6 1/2-1/2

[Event "Titled Tue 20th May Early"]
[Site "chess.com INT"]
[Date "2025.05.20"]
[Round "10"]
[White "Bozorov, Javohir"]
[Black "Potawad, Anirudhha"]
[Result "0-1"]
[WhiteTitle "FM"]
[BlackTitle "FM"]
[WhiteElo "2093"]
[BlackElo "2288"]
[WhiteFideId "14216957"]
[BlackFideId "45081506"]
[EventDate "2025.05.20"]

1. d4 f5 2. Nf3 e6 3. Bf4 b6 4. Nbd2 Bb7 5. c3 Nf6 6. h4 Be7 7. h5 O-O 8. e3 h6
9. Bd3 d6 10. Qc2 Nbd7 11. O-O-O c5 12. Nf1 Rc8 13. Ng3 a6 14. Nh4 Nd5 15. Ng6
Rf6 16. Ne2 b5 17. e4 fxe4 18. Bxe4 cxd4 19. Rxd4 Nc5 20. Bxd5 Bxd5 21. Rxd5
exd5 22. Nd4 b4 23. Re1 Bf8 24. Re3 a5 25. Bg3 Ne4 26. Bh4 bxc3 27. bxc3 Be7 28.
Nxe7+ Qxe7 29. f3 Qf7 30. fxe4 Rf1+ 31. Kd2 dxe4 32. Rxe4 d5 33. Re3 Qxh5 34.
Bg3 Rcf8 35. Ne2 Qg5 36. Qd3 Re8 37. Bf4 Rxe3 38. Qxe3 Qxg2 39. Qe6+ Kh7 40.
Qf5+ Qg6 41. Qxd5 Qb1 42. Qd3+ Qxd3+ 43. Kxd3 g5 44. Bd6 Rd1+ 45. Ke4 Rxd6 46.
Nd4 Kg6 47. c4 h5 48. c5 Rd8 49. Nc6 Rd1 50. Ne5+ Kf6 51. Nd3 Ke6 52. c6 Kd6 53.
Nf2 Re1+ 54. Kd4 Kxc6 55. Nh3 g4 56. Nf4 h4 57. Ng2 Rd1+ 58. Ke3 h3 59. Nf4 h2
60. Nd3 Rxd3+ 61. Kxd3 h1=Q 62. Kc4 Qf3 63. a4 g3 64. Kd4 g2 65. Kc4 Qe4+ 66.
Kb3 g1=Q 67. Kc3 Qgd4+ 68. Kb3 Qb1+ 69. Ka3 Qdb4# 0-1

[Event "Titled Tue 20th May Early"]
[Site "chess.com INT"]
[Date "2025.05.20"]
[Round "10"]
[White "Ter-Sahakyan, Samvel"]
[Black "Szpar, Milosz"]
[Result "0-1"]
[WhiteTitle "GM"]
[BlackTitle "IM"]
[WhiteElo "2611"]
[BlackElo "2475"]
[WhiteFideId "13302531"]
[BlackFideId "1184989"]
[EventDate "2025.05.20"]

1. d4 Nf6 2. c4 c5 3. d5 e6 4. Nc3 exd5 5. cxd5 d6 6. e4 g6 7. f4 Bg7 8. Bb5+
Nfd7 9. Be2 Qh4+ 10. g3 Qd8 11. Nf3 O-O 12. O-O Na6 13. Bd3 Re8 14. Re1 Nf6 15.
Kg2 Nc7 16. a4 Bg4 17. h3 Bxf3+ 18. Kxf3 Rc8 19. Kg2 b6 20. Be3 c4 21. Bc2 Na6
22. Qd2 Nc5 23. Bd4 Rc7 24. Re3 Rce7 25. Rae1 Qa8 26. Kh2 a6 27. g4 Nfd7 28.
Bxg7 Kxg7 29. Qd4+ f6 30. g5 Rf7 31. gxf6+ Rxf6 32. e5 dxe5 33. fxe5 Rf2+ 34.
Kg1 Rxc2 35. e6+ Nf6 36. Rf3 Qd8 37. Ref1 Nxe6 38. Qxf6+ Qxf6 39. Rxf6 Ng5 40.
h4 Ne4 41. Re6 Rxe6 42. dxe6 Nxc3 43. Rf7+ Kg8 44. Rd7 Re2 45. e7 Kf7 46. bxc3
Rxe7 47. Rd6 Re6 48. Rd7+ Re7 49. Rd6 Rb7 50. Kf2 b5 51. Rxa6 bxa4 52. Rxa4 Rc7
53. Ke3 Kg7 54. Kf4 Kh6 55. Kg4 Rc5 56. Rb4 Rc7 57. Ra4 Rc6 58. Rb4 Kg7 59. Ra4
Rc7 60. Rb4 Kf6 61. Rb6+ Ke5 62. Rb4 Ke4 63. Kg5 Kd3 64. Kh6 Kxc3 65. Rb8 Kc2
66. Rh8 c3 67. Rxh7 Rc6 68. Rd7 Kc1 69. Kg7 c2 70. Rd8 Kb2 71. Rb8+ Kc3 72. Rd8
c1=Q 0-1

[Event "Titled Tue 20th May Early"]
[Site "chess.com INT"]
[Date "2025.05.20"]
[Round "10"]
[White "Marchesich, Giovanni"]
[Black "Bayaca, Sterling"]
[Result "0-1"]
[WhiteTitle "CM"]
[BlackTitle "FM"]
[WhiteElo "2219"]
[BlackElo "2231"]
[WhiteFideId "2824790"]
[BlackFideId "3227790"]
[EventDate "2025.05.20"]

1. Nf3 c5 2. g3 b6 3. Bg2 Bb7 4. O-O g6 5. c4 Bg7 6. Nc3 e6 7. Re1 Ne7 8. e4 d6
9. d3 O-O 10. h3 h6 11. Bf4 Nbc6 12. Qd2 Kh7 13. a3 e5 14. Be3 Nd4 15. Bxd4 cxd4
16. Nd5 Nxd5 17. exd5 b5 18. Qb4 Qb6 19. Nd2 Ba6 20. cxb5 Qxb5 21. Qxd6 Rfd8 22.
Qc7 Rd7 23. Qc6 Rad8 24. Nc4 Qxc6 25. dxc6 Bxc4 26. cxd7 Bxd3 27. Bc6 Bf5 28. f4
exf4 29. Re7 d3 30. g4 Be6 31. Rd1 Bxb2 32. Rxd3 Kg7 33. Re8 Bf6 34. Kf2 g5 35.
Kf3 h5 36. Rd1 h4 37. Rb1 Bxd7 38. Bxd7 Rxd7 39. Rb3 Rd2 40. Re2 Rd1 41. Ra2 Rh1
42. Ke4 Kg6 43. a4 Re1+ 44. Kd5 Rd1+ 45. Kc6 Bd4 46. a5 Be3 47. a6 Rc1+ 48. Kb7
Rd1 49. Rb5 Rd7+ 50. Kc8 Re7 51. Raa5 f3 52. Rxg5+ Bxg5 53. Rf5 Re6 54. Kb7 Be3
55. Rxf3 Bg1 56. Rf5 Bb6 57. Rh5 Re3 58. Rxh4 Rb3 59. Ka8 Bc7 60. Kxa7 Bb8+ 61.
Ka8 Bg3 62. Rh8 Rb6 63. a7 Ra6 64. Rd8 Bf2 65. Rd7 Rxa7+ 66. Rxa7 Bxa7 67. Kxa7
Kg5 68. Kb6 Kh4 69. Kc5 Kxh3 70. g5 Kg4 71. Kd4 Kxg5 72. Ke3 Kg4 73. Ke2 Kf4 74.
Kf2 f5 75. Kg1 Kg3 76. Kh1 Kf2 0-1

[Event "Titled Tue 20th May Early"]
[Site "chess.com INT"]
[Date "2025.05.20"]
[Round "10"]
[White "Bespalov, Elisei"]
[Black "Maltsevskaya, Aleksandra"]
[Result "1-0"]
[BlackTitle "IM"]
[WhiteElo "2303"]
[BlackElo "2398"]
[WhiteFideId "34251928"]
[BlackFideId "24174041"]
[EventDate "2025.05.20"]

1. Nf3 Nf6 2. g3 g6 3. Bg2 d6 4. O-O Bg7 5. c4 O-O 6. Nc3 Nbd7 7. Rb1 e5 8. d3
a5 9. a3 Ne8 10. Ne1 f5 11. b4 axb4 12. axb4 f4 13. Nc2 fxg3 14. hxg3 Nef6 15.
b5 Nc5 16. Nb4 h6 17. Be3 Ng4 18. Qd2 Nxe3 19. Qxe3 Ne6 20. Ne4 Kh7 21. Ra1 Bd7
22. Nc2 Qe7 23. Ra7 Nd4 24. Rxa8 Rxa8 25. Nb4 c6 26. Qd2 Ra4 27. e3 Nf5 28. Rb1
h5 29. Nc3 Rxb4 30. Rxb4 h4 31. bxc6 b6 32. cxd7 hxg3 33. Be4 Qh4 34. fxg3 Qxg3+
35. Qg2 Qxe3+ 36. Qf2 Qg5+ 37. Kh1 Ng3+ 38. Kh2 Nh5 39. Qg2 Qf4+ 40. Kg1 Qe3+
41. Qf2 Qg5+ 42. Kf1 Bf6 43. d8=Q Bxd8 44. Qf7+ Ng7 45. Qxg6+ Qxg6 46. Bxg6+
Kxg6 47. Nd5 Kf5 48. Nxb6 Ne6 49. Nd5 Nc5 50. Ke2 Ne6 51. Rb8 Nd4+ 52. Kd1 Bg5
53. Rb6 e4 54. dxe4+ Kxe4 55. Rxd6 Nb3 56. Rg6 Bd8 57. Rg4+ Ke5 58. Kc2 Nd4+ 59.
Kd3 Ne6 60. Re4+ Kd6 61. Re2 Nc5+ 62. Kc2 Ne6 63. Rd2 Ba5 64. Rd3 Nc5 65. Rh3
Ne6 66. Rh6 Ke5 67. Kd3 Nc5+ 68. Ke3 Nd7 69. Rh5+ Kd6 70. Ke4 Nc5+ 71. Kd4 Ne6+
72. Kd3 Nc5+ 73. Kc2 Ne6 74. Ne3 Bb6 75. Nd5 Bd4 76. Rh1 Be5 77. Kb3 Nd4+ 78.
Kb4 Nc6+ 79. Kb5 Nd4+ 80. Kb6 1-0

[Event "Titled Tue 20th May Early"]
[Site "chess.com INT"]
[Date "2025.05.20"]
[Round "10"]
[White "Yanev, Tihomir"]
[Black "Burmakin, Vladimir"]
[Result "0-1"]
[WhiteTitle "IM"]
[BlackTitle "GM"]
[WhiteElo "2354"]
[BlackElo "2435"]
[WhiteFideId "2910110"]
[BlackFideId "4105109"]
[EventDate "2025.05.20"]

1. e4 c6 2. Nc3 d5 3. Nf3 dxe4 4. Nxe4 Nf6 5. Ng3 g6 6. Bc4 Bg7 7. O-O O-O 8. h3
c5 9. Re1 Nc6 10. d3 b6 11. Bf4 Bb7 12. Qd2 Na5 13. Ne5 Nxc4 14. Nxc4 Qd5 15. f3
Rfe8 16. Be5 Rad8 17. Qf2 b5 18. Na5 Ba8 19. f4 c4 20. Rad1 cxd3 21. Rxd3 Qxa2
22. Rxd8 Rxd8 23. Qxa7 Qd5 24. Qf2 e6 25. Nb3 Qc4 26. Qe2 Nd5 27. Qxc4 bxc4 28.
Nc5 c3 29. bxc3 Nxc3 30. Nd3 Rc8 31. Ra1 Bd5 32. Bxg7 Kxg7 33. Ra7 Nb5 34. Ra5
Nd4 35. Nb4 Bc4 36. Ra7 h5 37. Ne4 Ne2+ 38. Kf2 Rb8 39. c3 Nxc3 40. Nxc3 Rxb4
41. Rc7 Bd3 42. g3 Bf5 43. h4 Rd4 44. Ne2 Rd2 45. Ke3 Rd3+ 46. Kf2 Bg4 47. Ng1
Rd2+ 48. Ke3 Rg2 49. Rc1 Rxg3+ 50. Kd4 Rg2 51. Ke5 Rf2 52. Re1 Rh2 53. Kd4 Rxh4
54. Ne2 Bxe2 55. Rxe2 Rg4 56. Ke3 Rg3+ 57. Kf2 Rg4 58. Kf3 Kf6 59. Re5 Rg1 60.
Rb5 Ra1 61. Rb6 Ra3+ 62. Kg2 Ra5 63. Rb4 Kf5 64. Rb7 f6 65. Rb4 e5 66. fxe5 Rxe5
67. Kg3 g5 68. Kf2 g4 69. Kg3 Kg5 70. Rc4 h4+ 71. Kg2 f5 72. Kf2 h3 73. Kg3 Re3+
74. Kh2 Re2+ 75. Kh1 g3 76. Rc1 f4 77. Kg1 Kg4 78. Kh1 Kf3 79. Kg1 Ke3 80. Kh1
Kd2 81. Rd1+ Kxd1 0-1

[Event "Titled Tue 20th May Early"]
[Site "chess.com INT"]
[Date "2025.05.20"]
[Round "10"]
[White "Gutman, Gennadi"]
[Black "Mayaud, Raphael"]
[Result "0-1"]
[WhiteTitle "GM"]
[BlackTitle "CM"]
[WhiteElo "2445"]
[BlackElo "2126"]
[WhiteFideId "14102277"]
[BlackFideId "627151"]
[EventDate "2025.05.20"]

1. e4 d5 2. Nc3 dxe4 3. Nxe4 Qd5 4. Ng3 Nc6 5. Nf3 e5 6. b3 Be6 7. Bc4 Qd7 8.
Bxe6 Qxe6 9. Qe2 O-O-O 10. Bb2 Bd6 11. O-O-O Nge7 12. Rhe1 Ng6 13. Qe4 h6 14.
Nf5 Qf6 15. Ne3 Rhe8 16. Nd5 Qe6 17. Ne3 Nge7 18. Qa4 a6 19. d4 exd4 20. Nxd4
Qg6 21. Nxc6 Nxc6 22. Kb1 f6 23. g3 Qe4 24. Qxe4 Rxe4 25. Nf5 Rxe1 26. Rxe1 Bf8
27. c4 Kd7 28. Kc2 Re8 29. Rd1+ Kc8 30. Rd2 g6 31. Ne3 f5 32. Nd5 Bd6 33. Kd1
Re6 34. Re2 Rxe2 35. Kxe2 Kd7 36. Nf6+ Ke6 37. Nd5 Ne7 38. Nxe7 Bxe7 39. f3 b5
40. cxb5 axb5 41. h3 c5 42. a4 bxa4 43. bxa4 Kd5 44. Bg7 h5 45. g4 hxg4 46. hxg4
fxg4 47. fxg4 Bd8 48. Kd3 Ba5 49. Bc3 c4+ 50. Kc2 Bb6 51. a5 Ba7 52. a6 Kc6 53.
Bd2 Kb5 54. Kc3 Bb6 55. Bf4 Ba5+ 56. Kc2 Kxa6 57. Be5 Kb5 58. Bb2 Kc5 59. Bf6
Kd5 60. g5 Bb6 61. Be7 Bc5 62. Bf6 Bd4 63. Be7 Ke4 64. Bd8 Kf5 65. Kd2 Ke4 66.
Ke2 Be5 67. Kd2 Kd4 68. Bb6+ Kd5 69. Bd8 Ke6 70. Ke2 Bd6 71. Kd2 Be7 72. Bc7
Bxg5+ 73. Kc3 Kd5 74. Bb6 Bf6+ 75. Kb4 g5 76. Bg1 g4 77. Ka3 Bd4 78. Ka2 Bxg1 0-1